| 000 | 02092nam0a2200325 4500 | ||
|---|---|---|---|
| 001 | RU\NLR\ONL1\22244 | ||
| 005 | 20260406112252.0 | ||
| 035 | _a(NLR Aleph) 010207965 | ||
| 090 |
_a10261364 _c10261364 |
||
| 100 | _a20130221d1942 m y0rusy50 ca | ||
| 101 | 0 | _apem | |
| 102 | _aRU | ||
| 105 | _ay ||||||||| | ||
| 200 | 1 | _aИностраннöй делöяс кузя Народнöй Комиссар В. М. Молотов ёртлöн оккупируйтöм советскöй районъясын немецко-фашистскöй захватчикъяслöн чудовищнöй злодеяниеяс, зверствояс да насилиеяс йылысь да тайö преступлениясысь Германскöй правительстволöн да командованиелöн кывкутöм йылысь | |
| 210 |
_aСыктывкар _cКомигосиздат _d1942 |
||
| 215 |
_a32 с. _d22 |
||
| 300 | _aАвт. указан в конце текста | ||
| 541 | 1 |
_aНота Народного Комиссара Иностранных дел тов. В. М. Молотова о чудовищных злодеяниях, зверствах и насилиях немецко-фашистских захватчиков в оккупированных советских районах и об ответственности Германского правительства и командования за эти преступления _zrus |
|
| 606 | 0 |
_aВеликая Отечественная война _z1941 - 1945 _9903571 _3RU\NLR\auth\668893 |
|
| 606 | 0 |
_aФашистский террор _91884137 _3RU\NLR\auth\661146817 |
|
| 686 | 1 | _aТ3(2)722 | |
| 686 | 1 | _aФ4(2) | |
| 700 | 1 |
_4070 _8rus _7ca _aМолотов _bВ. М. _f1890-1986 _gВячеслав Михайлович _3RU\NLR\auth\77127154 _9110078 |
|
| 801 | 0 |
_aRU _bNLR _c20130221 _gPSBO |
|
| 852 |
_aNLR _bОНЛ _jКоми-з./3-338 |
||
| 942 | _cBOOK | ||
| 945 | _aРоссийская национальная библиотека | ||
| 980 | _aNB | ||
| 980 | _aBV | ||